00313nam a2200121Ia 4500008004100000082001800041100001300059245002700072260003000099300000800129630002700137730002700164100122s9999 xx 000 0 und d b29821a320.55 aREGO A G aGANDHI: POINTS THE WAY bST PAUL PUBLICATIONc1905 a120 aGANDHI: POINTS THE WAY aGANDHI: POINTS THE WAY